Frito Lay Brands - Sudden Death - Statistics

General Stats
  • This quiz has been taken 22 times
  • The average score is 4 of 10
Answers on the Grid
Answers color-coded by a green-red scale on the quiz's grid according to % correct below.
Doritos
Pringles
Cape Cod
Fritos
Tostitos
Takis
Zapp's
Lay's
Santitas
Herr's
Stax
Utz
Rold Gold
Skinny Pop
Pirate's Booty
Cheetos
Snyder
Popcorners
Lance
Ruffles
 
Answer Stats
Answer % Correct
Doritos
93%
Fritos
57%
Tostitos
57%
Lay's
50%
Cheetos
43%
Ruffles
36%
Stax
29%
Popcorners
21%
Rold Gold
21%
Santitas
14%
No matching quizzes found
Score Distribution
Percent of People with Each Score
Percentile by Number Answered
Your Score History
You have not taken this quiz